Arizona nonmetallics ; (Record no. 28576)
[ view plain ]
| 000 -LEADER | |
|---|---|
| fixed length control field | 01236cam a22003011 4500 |
| 001 - CONTROL NUMBER | |
| control field | gs 51000224 |
| 003 - CONTROL NUMBER IDENTIFIER | |
| control field | DLC |
| 005 - DATE AND TIME OF LATEST TRANSACTION | |
| control field | 20260227111358.0 |
| 008 - FIXED-LENGTH DATA ELEMENTS--GENERAL INFORMATION | |
| fixed length control field | 760223s1949 azu s001 0 eng |
| 010 ## - LIBRARY OF CONGRESS CONTROL NUMBER | |
| LC control number | gs 51000224 |
| 035 ## - SYSTEM CONTROL NUMBER | |
| System control number | (OCoLC)2007295 |
| 040 ## - CATALOGING SOURCE | |
| Original cataloging agency | DLC |
| Transcribing agency | AzFU |
| Modifying agency | OCoLC |
| -- | DLC |
| 042 ## - AUTHENTICATION CODE | |
| Authentication code | premarc |
| 050 00 - LIBRARY OF CONGRESS CALL NUMBER | |
| Classification number | TN24.A6 |
| Item number | W53 1949 |
| 086 0# - GOVERNMENT DOCUMENT CLASSIFICATION NUMBER | |
| Classification number | MN 1.3:B 85/155 |
| Number source | azdocs |
| 100 1# - MAIN ENTRY--PERSONAL NAME | |
| Personal name | Wilson, Eldred Dewey, |
| Dates associated with a name | 1898-1965. |
| 245 10 - TITLE STATEMENT | |
| Title | Arizona nonmetallics ; |
| Remainder of title | a summary of past production and present operations. |
| Statement of responsibility, etc. | 2d. ed., rev. by Eldred D. Wilson and George H. Roseveare. |
| 260 ## - PUBLICATION, DISTRIBUTION, ETC. | |
| Place of publication, distribution, etc. | Tucson, |
| Name of publisher, distributor, etc. | University of Arizona, |
| Date of publication, distribution, etc. | 1949. |
| 300 ## - PHYSICAL DESCRIPTION | |
| Extent | 60 p. |
| Dimensions | 23 cm. |
| 490 1# - SERIES STATEMENT | |
| Series statement | Arizona Bureau of Mines, Mineral technology series, |
| Volume/sequential designation | no. 42. Bulletin no. 155 |
| 500 ## - GENERAL NOTE | |
| General note | University of Arizona bulletin, v. 29, no. 2, April 1949. |
| 504 ## - BIBLIOGRAPHY, ETC. NOTE | |
| Bibliography, etc. note | "References cited" : p. 53-83. |
| 650 #0 - SUBJECT ADDED ENTRY--TOPICAL TERM | |
| Topical term or geographic name entry element | Mines and mineral resources |
| Geographic subdivision | Arizona. |
| 700 1# - ADDED ENTRY--PERSONAL NAME | |
| Personal name | Roseveare, George H., |
| Relator term | joint author. |
| 810 2# - SERIES ADDED ENTRY--CORPORATE NAME | |
| Corporate name or jurisdiction name as entry element | University of Arizona. |
| Subordinate unit | State Bureau of Mines. |
| Title of a work | Bulletin ; |
| Volume/sequential designation | no. 155. |
| 810 2# - SERIES ADDED ENTRY--CORPORATE NAME | |
| Corporate name or jurisdiction name as entry element | University of Arizona. |
| Subordinate unit | State Bureau of Mines. |
| Title of a work | Mineral technology series ; |
| Volume/sequential designation | no. 42. |
| 830 #0 - SERIES ADDED ENTRY--UNIFORM TITLE | |
| Uniform title | Bulletin (University of Arizona) ; |
| Volume/sequential designation | v. 20, no. 2. |
No items available.